000 01660nam0a22003131 4500
001 rc\88017
005 20250620174834.0
010 _a5-7062-0044-0
_925000
035 _a(NLR Aleph) 005355264
090 _a6840145
_c6840145
100 _a20021216d1994 |||y0rusy50 ca
101 0 _arus
102 _aRU
105 _aa |||||||||
200 1 _aПуговица-камея
_e[Сборник
_eПеревод
_fСост. Б. Герцензон, В. Косниченко
_gХудож. Маликова С.]
210 _aСПб.
_cПеч. Двор
_d1994
215 _a473, [2] с.
_cил.
_d21
225 1 _aМалый авантюрный роман
327 1 _aСодерж.: На острове Колибрия / Р. Кофмен. Приключение доктора Хирна / А. Ландсбергер. Пуговица-камея / Р. Оттоленгуи. Перо фламинго / К. Монро
464 0 _12001#$aНа острове Колибрия
_1700#1$aКофмен$bР.
_tНа острове Колибрия
_aКофмен, Р.
464 0 _12001#$aПриключение доктора Хирна
_1700#1$aЛандсбергер$bА.
_tПриключение доктора Хирна
_aЛандсбергер, А.
464 0 _12001#$aПуговица-камея
_1700#1$aОттоленгуи$bР.
_tПуговица-камея
_aОттоленгуи, Р.
464 0 _12001#$aПеро фламинго
_1700#1$aМонро$bК.
_tПеро фламинго
_aМонро, К.
702 1 _aГерцензон
_bБ.
_4220
801 0 _aRU
_bNLR
_gpsbo
801 1 _aRU
_bELAR
_2rusmarc
852 _aNLR
_j94-3/91
942 _cBOOK
980 _aNB